| 000 | 00883nam a2200169Ia 4500 | ||
|---|---|---|---|
| 005 | 20260302161943.0 | ||
| 008 | 260302s9999 xx 000 0 und d | ||
| 020 | _a9780792396840 | ||
| 082 |
_a339.5 _bCRE |
||
| 100 | _aGoff, Brian L. | ||
| 245 | 0 |
_aRegulation and Macroeconomic Performance / _cGoff, Brian L. |
|
| 260 |
_bSpringer Science & Business Media, _c1996 |
||
| 300 | _a174 pages | ||
| 520 | _aThere are few aggregate measures of the amount of regulation in the macroeconomy, despite the enormity of regulation and its macroeconomic consequences. Regulation and Macroeconomic Performance attempts to increase the awareness of macroeconomic effects of regulation by providing some descriptions of regulation's scope and channels as well as providing quantitative assessments based on technical statistical evidence. | ||
| 650 | _aBusiness & Economics | ||
| 942 | _cENGLISH | ||
| 999 |
_c616715 _d616715 |
||